GMD Korea Forum Legacy List (01.24.23) - Statistics

General Stats
  • This quiz has been taken 16 times
  • The average score is 124 of 352
Answer Stats
Creators First Korean Victor Answer % Correct
NekonGames, Viper, Sauzzeth, RedlixHD, ARWooly, Arax, Hugus, Asuith, AirSavage, SeokSo, Andr1x, Avati, Supris, Nidroo, Shant, Maplegaegosu, JuzGiew, Nau, Liu, BeClan, Zubwill, Loolycat, Lax33, Nekotik, Reunomi, Culuc, DiamondSkull, HellPhire, Gokill, Isane, Lagnugg, ChoGath, Electro543, Just a GD player 1qawsz Black Flag
77%
Cersia - Cersia Madness
77%
Pennutoh, Onnikonna, Pawe, Borto, Metalface221, Zanna83, Nemphis, Enlex, Bianox, Angryboy, LeoCreatorX, Juhou, Avakai, Eggnog, ShowtimeVonParty, Sminx, MrLorenzo, Altin, Psynapse, Isane, Temp, Nico99, Allan, PokeChatt, knobbelboy, Prism Tipp7 Freedom08
77%
Lemons Lumbo Paroxysm
77%
TeamE12, Sikatsuka, Molds, Ticky, Apostolus, Mapo, Temp, Dreaming, 3niv, SyQual, Rainstorm, Sepalum, gvyjjjh, Gau, JJin, An Gyung, Uriun ddddr Stygian Machinery
77%
ViPriN, Codex, Kips, nasgubb, Terron, AbstractDark, Samifying, Manix648, TheDevon, Etzer, Loogiah, LazerBlitz, G4lvatron, KrmaL, Vlacc, Serponge, Hinds, Rustam Nisha Digital Descent
69%
JustJohn ddddr Jamboree
69%
Lithifusion Tipp7 Killbot
69%
Cinny, Renn241 Harg_Chucu TheCinnyBun
69%
JonathanGD 갤럭사 BuTiTi III
62%
Zeronium Jeller Crystal
62%
f3lixsram, Darwin, Nottus, Tartofrez, Rapace, Yakimaru, Adiale, MagicXDash, Sharks, Vrymer, Thomartin, Aquatias, Miyolarthur Rainstorm Demonicat
62%
HelpegasuS GD Canaras Factory Realm X
62%
SleyGD Dorami RGB
62%
VigorousGarden, Pjgguy, Mazzedy, PTM, Th3hung, Macrosis, Sharks, Urmongei, Peter, Ylenol, MrGray, Usagi, Maxie, Nexorous, Kittom, Hyperlink, Neoz, Kientong, Hyperblastz, Rafe, Rokioto, Ati, DangNghi, Caustix, MikanNeko 상천 Springtime
62%
TehTactiq, TheFrozenTide xeonzz Stalemate Redux
62%
Sohn0924, Cyclic, 1234, Ryan LC, Koreaqwer venfy The Hell Zone
62%
Onvil GDmuno The Moon Below
62%
SyQual ddddr Aesthetic
54%
Lemons Kainite Anoxysm
54%
ViPriN, Codex, Manix648, Sanic, Hinds, Zobros, Michigun, Anthrax, ZenthicAlpha, Loogiah, wamiq8, nasgubb, AbstractDark, Etzer, GDSpeed, Serponge, G4lvatron, Terron, AncientAnubis xeonzz Artificial Ascent
54%
GoodSmile, Skullkid, Zenith, Thomartin, Jghost217, Edge, JustBasic, Osiris GD, AbstractDark, Unigeny, Kugelblitz WhiteDwarf Audio Expulsion
54%
Platnuu Rainstorm Delta Interface
54%
Rob Buck, Sunnett WhiteDwarf Glowy
54%
AZuLer4, SrGuillester Rainstorm Hatred
54%
TheGalaxyCat Harg_Chucu Luxtra
54%
YGYoshi zPlasmaLust Mujigae
54%
Team Proxima, Peton, Cosmicsabre, Pocke, Parallax, Goose, BlasterRobotz, Polli, Elvii, Vyu, Esencia, Toasted, Sparksomega, Cirtrax, EyeOfTheStorm, HugoLa, Dominus, HelpegasuS, Belonzik, Azasuh, NVATIUM, Kakemancool, Zipixbox, Kadex, Zafkiel, GDSkele, Nashiiii, Osiris GD, Joojmiguel, Splash, Genericqueso, Wesp, Sequex, Zipiks, Surv, Nexus Dorami Omicron
54%
Flosia, Rimz, Kastinq, Mango, Lynessa, Zesqur, Groovy, Kneon, R3ul, Chico, Fluo, HyoJung, Xerotone, Siu, Gradientxxd, Isane, Uriun, Mintjelly, Kar98k, PLo, DunTs, Drag747, Amii, Almondy lsj612 Quaoar
54%
Kaito Kainite SPEEDRUN
54%
ViPriN, Terron, GgB0y, Evasium, Dudex, Rustam, TheDevon, Panman, Sumsar, Jeyzor, xcy7 Nisha SubSonic
54%
Stormfly, Sohn0924, Ji, AlexPG, Allan, Platnuu, Zimnior12, Tribar, Osiris GD Xylitol The Hell Field
54%
Notlsa LinedriveGD The Mainframe
54%
Renn241 Miro vaenstep
54%
lFritz ysj1005 Yuh
54%
Darwin, Noctafly Dorami ZAPHKIEL
54%
RoiMousti Seturan Ziroikabi
54%
SrGuillester, Etzer, TheFakeFlame, Platnuu Audiam 2 1 1
46%
SoulsTRK Sungsu Kim AcropoliX
46%
wapon77, Sequex, Orte, Vantablack, Pixizkiel, ettery, Gianv, Tent, Nell, Revel, Hyp rlink, Ryzlesalt, Duffz, R3ul, Rockwizard5, Asu, Fluo, ibrah, Convie, Highjump, Kneon, Xzer, Infxrnal, Farafar, koolboom, Sakual, Kirzok, Fufafac, Esencia, Rittle, Lime0037, Nidro, Galaxycat, ZWK, Underpipse, Connected, Naimnaro, SyQual, Astrofox, LekuJX, Destez, Uriun, Galchi, Manta KrazyGFX, Pukoru, Vadex, Kllnex, Xempir, Soluble, Sikatsuka, Vismuth, Toasted, Isane, Shaun07, Kadex, Epsilonic, Syn, Grand Omega, Rilliss77, Reshiram, Yonaka, Elvii, Pluff, Skrypto, iEstia, El3ctr0, ZelLink, Shawdow, Chaeyeon, Belonzik zPlasmaLust Adrenaline
46%
nasgubb - Apollo 11
46%
TeamN2 xeonzz Artificial Ideology
46%
knobbelboy Rainstorm Astral Divinity
46%
GoodSmile, T17, Star77, Cryomancer, Logik, P14, CubeCreator, Bio21, AbstractDark, Agent Rainstorm Audio Extraction
46%
iIiViRuZiIi ddddr Auroral Darkness
46%
Temp, ItsHybrid, HJfod VoTcHi Balengu Vortex
46%
TrusTa, Zylenox Rainstorm Berserk
46%
SleyGD - Bitcrusher
46%
JustaGDplayer3r, Mystic, Artumanka ,Crouley, Andr1x, Vapen, Buragoz, guleshelt, Deron, Hantein Mephitz Caution
46%
Renn241 ItzPulsacat_ CHROMA II
46%
GhostVandalf TheRealMap DMG CTRL
46%
Jeyzor venfy Dole Damos
46%
Enzeux, HelpegasuS, FrancaDash, HugoLa, IvanPercie, MrMeurick, Mitz, Digex, Vitinhoo, Jhemyson, Keitch Rainstorm Dolos
46%
MrSupremeGD Miro Effect II
46%
DreamTide Sowun Endless Dream
46%
DanZmeN Schuld EnvY
46%
Zeroya, Xec, Voltex, Speed, Isane, HelpegasuS, Geo, Majkomar, Masu, Platnuu, Enixy, Xaren Seturan Ethereal Artifice
46%
KeiAs, Krampux, Soulwinds, Motu, Technolitz, Latimvz, Dotory, Magical47, Dister K, Ranar, Swjo, Yonaka, CrePusCule, creatordemon, Soulsand, Zernis, Mulpan, Pyei, DEMN Sparky Fabrication
46%
Ozpectro Dorami Fexty
46%
crohn44 jbmoon Glide
46%
Kaito VoTcHi INNARDS
46%
PrankOrigami 배추김치 Le Fishe
46%
Deadlox, para, Metalface221, Smokes, syna, goob, Endlevel, Enixy, silver, ewop Fh1r Mind Control
46%
Golden, Zanna83, HelpegasuS, Tear Rai, Sminx, V9lt, Temp, UltraCharge, Patchimator, Yoshikawa Sowun Mirage
46%
TGI, Fexus, DarkGhostX, noice, Cersia, Logiking, Brittank88, Antares, Crystal PG Dorami Missing Benefits
46%
HeroZombie80 Miro Never Beat It
46%
Vismuth CuTTeR Niflheim
46%
AncientAnubis, Onnikonna, Ale, Riot, Zhander, Voltex, NyamLock, Zobros, Osiris GD, Surv, Juhou, Sunix, JoshenJol, Mactanow, Arctica, KrmaL, Goose, TrusTa, FerdeFunky, knobbelboy, Desticy, koolboom, kwms, Ilrell, Expy, GaidenHertuny, Tongii, Samifying, Enely, SrGuillester, Culuc, Mumalaengi, Xaro, MzeroGD, TamaN, Michigun, cynvic, Doominator222, FirsGD, matty2003 Dorami Night Rider
46%
GuitarHeroStyles, StarShipGD, IAres, Fillipsmen, ChiefFlurry, Elayad, Rock3ro, BitZel, Lucasyecla99, AlexTheGood, NeoGamer, JamesGrosso, Angryboy, Zafkiel Nisha PanaSonic
46%
Yakimaru, Terron Miro Pandemonium
46%
Mazl, MaxiKD, Lemons, Mew, YakobNugget, UserMatt18, JacobRoso, DreamEater, Skitten, MrLorenzo, AbstractDark, Vlacc, Fillipsmen, Luisluigi, Pennutoh, ChaSe, Mezzo, Uneskladovae Grey749 Photovoltaic II
46%
Smokes, Giron Handsupz Plasma Pulse III
46%
GrenadeofTacos, Awedsy, Luckyy, Smokes, nikroplays, silver, Culuc, G-Force, Genoxide, Riot, IcEDCave, Aurorus, Komp Baeru Quantum Dynamix
46%
RoiMousti (Song : Spaze - Awakening) Kainite Rate Demon
46%
Riot, Hinds, Findexi, ViPriN, NePtunE, saRy Sungsu Kim Red World Rebirth
46%
Sillow Miro SECTOR 19
46%
TMNGaming zPlasmaLust Surge of Memories
46%
Colorbolt, Yuko, Hypno, Moosh, Skrypto, Levin, Zanna83, XLSpiral, ItsMeJhemyson, Wesp, MatthewMW, Infinistyle, xoanon, Undying, Siv, BlazeD77, IvanPercie LSoftphila Tempest Tornado
46%
TeamN2 Koreaqwer The Hell Factory
46%
Stormfly, Sohn0924, Vindik, Zimnior12, Xyanide, Lucasyecla99, Splash, RedAppleFour, iMasu, FirsGD Xylitol The Hell Inferno
46%
AeonAir Miro To The Stars II
46%
YakobNugget, Tartofrez, iNubble, TheTrueEclipse, GDSkele, Syberian, Onnikonna, Luisluigi, Alecast, JaoDay, Sequex, Lipz, MaxiKD, Arceus4, Konsi, PotatoBaby, Voltex, Wolfking47, JacobRoso Rainstorm Unearthed
46%
CherryBT , Desumari, Konsi, Crouley, Acnologia, SirZaiss, Apollone, MrClyde, Enzore, Lilium11, Nahuel2998, 00Zero, Itami, Voltex, Gr, Omega, Buragoz, Kiba, Convie zPlasmaLust Void Wave
46%
para InterChange Want Me
46%
TwisterDude161 Baeru Warning
46%
TeamN2 Rainstorm A Bizarre Phantasm
38%
nikroplays Handsupz Allegiance
38%
Zylenox Dorami Annihilation Nation
38%
Eclipsed, AlexPG, ZkadliX, Terron, BananaMuffin, Bennxt, Nahuel2998, Marwec, Vindik, Tsukifuto, SlimJim, Splash, TeslaX, Logic Seturan Arctic Arena
38%
Manix648 Sowun Armageddon
38%
iIiViRuZiIi Xiko Artificial Dream
38%
Exenity, Gaero, Herzilo Rainstorm Athanatos
38%
Pennutoh, KingTony, Corkscrew, Poccottini, Zanna83, noice, YakobNugget, Eggnog, Jihn, Psynapse, Altin, Nemphis, Metalface221, Osiris GD, Enlex, Nico99 Dorami ATMarbl
38%
LazerBlitz, Manix648, Cyclic Kainite Auditory Breaker
38%
TheKris Handsupz Aurora
38%
Dorami, Geonox, Buragoz, TrueDee, Fabian, ByBoy 11, DangerKat, FurixGD, DanielDLC, ZadoxxZ, Alfred, MaxyLAND ddddr Azure Fiesta
38%
Bloodshot Aeidux Bass Cave
38%
Sminx, Skidel, Juhou, Enzore, SlimJim, YakobNugget, Onnikonna, Salam, Nico99, Voltex, er, JaoDay, Lipz, Pennutoh, Altin, Epsilonic, Unigeny 67 Belloq
38%
Riot, Giron, weoweoteo, Vermillion, Michigun, Evasium, Crack, Asonicmen, Etzer, Havok, GgB0y ScaniaKDT Bloodbath
38%
DigitalZero, MiniWheatDuo, Gizbro, Brittank88, Sequex, TheGalaxyCat, SaturnV7, AlrexX, Syn, Awedsy, Delrasshial, LuX, CDMusic, Zincate, starry, eXomin, Crispybag, Marcel, DashyBois, TheYeasoN, Holy, v0ltGD, LekuGD, Heso, Bedrock, Pyrox, Bigmac, M3mber, PaintingOrange, Walghani, EDoosh, Nexorous, Ezys5, ArFace, MegalynX, Rebix, Daycore, LockedDBZ, Nelluque, Stevokoriko, Noobiestskill Pheasant Boogie
38%
Findexi, nasgubb, Dudex, Kips, GDSpeed, Lassiboy, Juhou, Lemons GD Canaras Carnage Mode
38%
GgB0y Rainstorm Cataclysm
38%
CairoX, HelpegasuS, iNubble, DonutTV Hikari Concaved Memories
38%
KrmaL Nisha Conical Depression
38%
RelayX, Pleoslim, DeniPol, Greyrain, Qsyfer, Ishikii, SirFresh, Decody, Keketoy, Alpo, Crouley, Expun, Oprex, Realhaell, Markocr, Uneskladovae, Luxi, Sengood, ArtyGD, Astravokpley, Deloreanz, kVin, SiesTer, Maks550A, Freyda, Son of Hell, Superkirill, Forgirka, Sssamel, Staps, Maku Magellan Cromulent
38%
ElectricBass ysj1005 DoomsDay
38%
Mulpan, KireiMiral ddddr Elliptic Curve
38%
Team Proxima, Pennutoh, Cosmicsabre, Juhou, Hynaedon, Matterz, Vulcan, sqrl, Bianox, Eggnog, SlimJim, Cybronaut, LeoCreatorX, Lqah, Balloons, SirHadoken, Drift, MaxiKD, Splash, Jozhii, leo32601 Dorami Epsilon
38%
Platnuu Xylitol ErebuS
38%
Zafkiel, FarDreamer, Fufafac, Lunarstep11, Laser10, Bluh, xSeiun, ShawDowBoy, Zero, Chanel6, MonsieurEcho, Morfito, Slusheer, Nolex, Byboy, Equisde, Teddy, Mixer, Azasuh, Matthew, Diplow, Zent, Apple, Cultrix, iMasu, Erick101, SonicJr, Kadex, ZkullGD, Hoolyduck wapon77 Esencia
38%
Chom, SlimJim, sqrl, JacobRoso, Nickrx15, Zap101, ZBM, Creatorflex, MrLorenzo, Straw, Lqah, WHErwin, Nico99, Jbeast, Balloon Dorami Extinction
38%
Cersia, declan Baeru Friday Vortex
38%
neoraptor 불가능한... Future Chaos
38%
TeamSmokeWeed, HelpegasuS, Isane, DUBU, Tesseract, Reunomi, Amatuerre, Estachi, 1374, KireiMirai, LioLeo, SyQual, Krampux, Sikatsuka Morochae Galactic Shift
38%
TCTeam , PokeChatt, FarDreamer, Zafkiel, PeroXide01, Kiba, Ryumazaki, Surge, icotchy, para, Konsi, Bionic, ViralDl, CesDroid, Brittank88, Isane, xyL, Adelx, AutumnLotus, Crystal PG, Hko, GaidenHertuny, C Paola, Vapen StarPrint Glitched Memories
38%
Xyriak 67 Hydraulic Overdrive
38%
Zafkiel, Diris, Herdys, Goyuki, Selun, SrGaton, FarDreamer, Hoshikido, Zed Aurum, Bermard, Oasiz, Hko, Xuranox, Kllnex, Fufafac, GeometryTom, Zenthisuper, Axdrel, Yuno, Auntex zPlasmaLust Idols
38%
handsomeorange - inanimate INSANITY
38%
Kapinapi, Texic, Mirq, Buragoz, Unigeny, Isane, Endlevel, Deadlox, Asuith, Sting871 Yoonsr, RishiQwik, artos, iLogistics, ZWK, Konsi, RoiMousti, Temp, TriTron, ZirodoX, Norkbork, Bionic, Brittank88, TuMiTu, Timelord, Zafkiel7, Hypno, HelpegasuS, ViralDl Grey749 Incandescent
38%
Mojitoz, Texic, Picaaaa, Sting871, Electro543, Df0rDie, Endevvor, ViralDl, Netaren, Leynar, Hir0shi, Vex01, N3moProd, Alkatreize ddddr Inflective
38%
Byboy11, Chi, Enboy, M3llo, Dro3, Azos11, Chuchitodomin, NVATIUM, Aqours, JaxtilanX, xanN, ZadoxxZ, icotchy, DanielDLC, Abdula, TheBoringBoy, Zyplex, Zafkiel, Lucalry, Laser10, Mapex, DangerKat, Gathitho, IPersuit, Trudee Fabian, Blasting Ant, ItzStrill, Slip Ghost, Diplow, llJoanll, Stamina, Axdrel 67 Insaction
38%
BIGMAC77, 00Zero, Jowinator19, Joltic Kainite Ithacropolis
38%
Texic, ItzMezzo, Vex01, Krisz, TheGalaxyCat, blazer2, ViralDl, ZWK, Chona026, Fletzer Fuyu Just DANCE
38%
Bedrock, Extravagon NeSiaL Lateral Myst
38%
WOOGI1411, Koreaqwer, SunSet Seturan Libertas
38%
Konsi jbmoon limitless
38%
koko43 Miro lodin da fish washer
38%
MindCap, Rainstorm, Scrumpy, Killa, MaJackO, Isane, Voltex, mbed, Ferox242, Kllnex, Fragox, RoiMousti, PokeChatt, Majkomar, Minus, Vismuth, HelpegasuS, Gabs, KingTony, Hadeon, Morin, Pablohh, Molds, Endlevel Temp MadMansion
38%
Jeyzor Dorami Matilda the Machine
38%
iNubble ddddr Maybe Possibly Thing
38%
Snarlax5232 ysj1005 MONSTROSITY
38%
NePtunE Sungsu Kim Necropolis
38%
Rlol, Jakerz, potatoplayer, LazerBlitz, Samifying, f3lixsram, Dudex, Stubbypinata, Tronzeki, Nahuel2998, Skitten, iZinaDash, Ilrell, Bianox, Loogiah, Twoots, SirHadoken, knobbelboy, Darwin, ThorMode, RapidBlaze, Funnygame, TiTi, Drift, SlimJim, YunHaSeu14, Thomartin, Rustam Dorami night party
38%
Gryllex Schuld Novalis
38%
Havok, Lumpy, Eggnog, Flash, Genericqueso, nwolc, Lqah, Tricks33 Xylitol Occult Outcry
38%
VARSE lsj612 OPSM1
38%
nwolc Kainite Penultimate Phase
38%
LimeTime313 Rainstorm phosphorescent
38%
Hypno74, AleexHey BlueTomcat Polygonal Paradox
38%
Quiken, YakobNugget, MaxiKD, ShowtimeVonParty, Alfred, Amidon, JonathanGD, xStar7, Mazl, Axils, Witby, GuitarHeroStyles, FrancaDash, Rocketeer, CastriX, MrPPs, Xylph, Pix3lest, 31608 Dorami Pumped Up Kicks
38%
loltad 상천 RASH
38%
efext venfy SHATTER
38%
Kaz Va Jeller Shibui
38%
Spectex, WormFodder, Moosh, alkali, Technical, Sean, npesta, GunnerBones, Zeroya, Gizbro, GaidenHertuny, Vantablack, Gabs, Zipixbox, NogZ, Lipz, EyeOfTheStorm, Surge, Kiba, ItsHybrid, Realvet, Sequex, Isane, GDSkele, SlimJim, Walroose, Eridani, Geo, iEstia, CrankytheHuman LSoftphila Shock Breaker
38%
Ryder, FerdeFunky, Scrumpy, Kllnex, Cirtrax, kwms, Sequex, NASHII, koolboom, HelpegasuS, Vlacc, Manix648, YakobNugget, Enzore, nryu, Eggnog, Goose, Licen, Giron, Marwec, HJfod, Floppy, Zerosr Jeller Spectrum Rave
38%
Magmenta MinYong Static Ignition
38%
LaZye, Nico99, Bloodshot, CompleXx, VooDoo89, Eggnog, ChaSe, Poccottini, Skullkid, Sxap, Pennutoh, Rustam, xKstrol, Zimnior12 Grey749 Step To Hell
38%
Snowr33de, MUFF1N, Namtar, Disp, Disappear, UltimateGuy, Vird, Sl@v.ik, Sightorld, XCore, RespectVG, ChaSe Handsupz SUBVERSIVE
38%
Geo, GDSean, Majkomar, XultroniX, Uneskladovae, MaskZ, Isane, Sequex, Kllnex, Duffz, Nyzerlux, Acnologia, Gr, Omega, Zipixbox, Cryst4l Sowun Surge of the Shield
38%
99Percent, MoonSpark, BallisticGmer, Xyriak, Lumi, GDLev, Rafer, ItzTropica, Destroyer6401, Pyndra, Nekasik Kainite TeaM Z
38%
ItsHybrid, iEstia, Zanna83, Minaxa, Levo, Realvet, Molds, SenpaiShika, Temp, Endlevel, Isane, Delerium, Surge, Shaun07, Yuko Rainstorm Tempered Steel
38%
Bianox, Dynix, TeslaX, Seedot, Alecast, Frotzn, DWShin Schuld The Antimatter
38%
Sohn0924, Tsukifuto, MrPPs, Xaro, Vindik, Ternamit, AZuLer4, Zhander, Zimnior12, AlexPG Xylitol The Hell Origin
38%
Stormfly, Sohn0924, Zelda, 1234, Dudex, Koreaqwer, S1l3nce, Tesla, Zhander, Blaireswip Rainstorm The Hell World
38%
Megadere SuperSNSD The JanuS Miracle
38%
YoReid ddddr The Sulphur Sea
38%
Flukester, Kenny, Jude, Gach, CreatorDino, Venom, Killua, Jghost217, ZinkZeta Schuld Twisted Tranquility
38%
iiLuna, Convie, KrazyGFX, Zuku, Yuko, Zetalock zPlasmaLust Untitled
38%
Lemons, MarEng, Quacduc, DanZmeN, Chlorines, Angryboy, MrKoolTrix, Bransilver, Dorami, Osiris GD zPlasmaLust WaveBreaker
38%
loltad Gochujang Worse Trip
38%
Jenkins GD Mulpan Zettabyte
38%
Kapinapi, Kubson, HelpegasuS, MrSpaghetti, Atom9, RoiMousti, ItsHybrid, Supris, Davphla, ZWK, ViralDl TheRealMap Ziroikapi
38%
Golden, Eggnog, Marwec, Pennutoh, Ryder, Makaron, Epsilonic, HelpegasuS, Mezzo, Nico99, JaoDay, Lipz, Voltex, Sminx, PokeChatt, Zafkiel, Temp, Masu, Franx6, Burrito, Lieb Temp A2Marbl
31%
Metalface221 Mephitz Abandoned Planet
31%
RenedI, Handexx, Laxoutz, Supris, Crowlley, Damianos Kabanos, Dami, Cylix, TheRealRobocar RedCraft Acrozis
31%
Boyofthecones, TheRealDemonic, SuperMarioBro, Broham, Zynos, MaxiKD, Gsml3o99, ItsDope, Redd Cat, Groose22, Gusearth, Cyan Sowun After Catabath
31%
Asuith, Yozyo, RenedI, ZWK, Texic, Anime Animator, Wojnet, ViralDl, janekh, Supris Kainite Alcatraz
31%
f3lixsram, Angryboy, Desticy, Victorinox, Gigamix, Yakimaru, Desumari, JacobRoso, Thomartin, Kurokawa, Nahuel, Erdyuri, Elegy, Rafer, Enzore, BloodStorm, Pennutoh, Marwec, ChaSe, Darwin, Reunomi, Osiris GD Tipp7 Artifice
31%
spark Sowun Astronomical Alchemy
31%
Nuno, Flamongo, JusDurt, Blaze_, Majkomar, Ari, Mazzedy, Requacc, Leoginn, Lamellae, Xatz, PreeZee, Handexx, Kodex, Endevvor, Crunch, Daydream, Rumi IcaroX Aura
31%
XZ, Epdjip, Sting871, Asuith, IZann, Accelec, Satrix95, Mazzedy, Mojitoz, Lumina, Haminopulus, Vex01, Whata, Moosh, LZDragon ddddr Aureole
31%
RoiMousti, ViralDl, Telion04, Jamzboye, Annon, Autonick, Zanna83, Ross12344 Kainite BBBBBBBBBBBBBBBBBBBB
31%
Artumanka, Kains, guleshelt, silver, Andr1x, Maitnary Jeller Biohazard
31%
KrmaL Plusxenon Black Blizzard
31%
Surv, nwolc Handsupz Breakout
31%
TCTeam , Zero, Delta, Kllnex, Surge, Hko, PokeChatt, Zafkiel, Bionic, CesDroid, Scott, Erick101, Rexter, iSparki, Zed Aurum, GaidenHertuny, Isane, Pennutoh, Crystal PG, para, iMasu Temp Cadrega Mode
31%
Shaggy23, Zeithex, JeffryNeko, IHellRaiser, Dasilio, Colombia Dash, Rock3ro, Fr3mite WhiteDwarf CholeriX
31%
CraftedKing ddddr corrupted volume
31%
RedUniverse Koreaqwer Crimson Clutter
31%
knobbelboy SuperSNSD Dark Rainbow Rebirth
31%
Flex Sowun Dark Rivalry
31%
Rustam, ZenthicAlpha, Mazl, Zober, Amoraltra, Sharks, Berke423, Lucasyecla99, Krampux, Disp, Platnuu, Ryder Seturan Deception Dive
31%
RyanAB, Cyphx, C0re, AndyTorey, Venom, Sil3ntM00n, Drakaglin, CurveAspirin Sowun DeltaNova
31%
Giron, Licen, Vlacc Kainite Digital Disarray
31%
Bianox, Eggnog, MoonSpark, Enzore, Alecast, Konsi, Voltex, Logic, Enixy, Optex Kainite Dimension Breaker
31%
YakobNugget, Reunomi, iNubble, Syberian, Hyenaedon, MaxiKD, Sequex, HelpegasuS, Acnologia, artherr, Xaren, Zafkiel, CreatorSruj, DUBU, Duffz, CairoX, ItsHybrid, Kiba, BySelling, Arcania, Uneskladovae, Isane, Klonex, EyeOfTheStorm, Mezzo, GiaMMix, Scrumpy, TheShoot, Geo, Endlevel Grey749 Disentombed
31%
alkali, Voltex, Eggnog, Eclipsed, Salaxium, Prism, Juhou, Vapen, YakobNugget, Lqah Dorami distraught
31%
Spectra, Exterys Valyrie, WoodedGold SuperSNSD Down Bass
31%
Sledgehammer, Kaio, Mixer, Eggnog, recillia, Connot, Reece, Duke, MDJR, Boii, Gizbro, BIGMAC77, Skulzi Miro Dream City
31%
Nacho21 CuTTeR Duelo Maestro
31%
SleyGD Dorami Ecstasy
31%
Zafkiel7, GuitarHeroStyles, Byboy11, BitZel, Rock3ro, Blasting Ant, Fragox, Teddy Creator, Axdrel, JaxtilanX, Polli, Astrofox, Alfred, Male20, NeoGamer, Minimax, AlexTG, Oasiz, xSergid1g Grey749 ElectroLux
31%
Eiken Koreaqwer Elements X
31%
KrmaL, Blaireswip wapon77 Elite Z Rebirth
31%
MidNight, WOOGI1411, dhk2725, Motu, Reple, MemoR2eD, Koreaqwer, Ryan LC, Gelt, Luneth, Xnail, KSWgeo SuperSNSD Entwined Room
31%
Mulpan, Schuld WhiteDwarf Es Dilar Nos
31%
Vadi ddddr EUOUAE
31%
Yoonsr, Morin, Lem, blastblock, Scopal, Skrypto, Connected, Chuckgamer1, Arithi, Omni, hawkyre Xylitol Evangelion
31%
Zerosr, Metalface221, Tide, Angryboy, koolboom, Zimnior12, xyL, Sequex, Jhreen, Salaxium, Surge, Brittank88, HJfod, JonathanGD, Nyzerlux RedSwitch Faith
31%
Lieb, Isane, PotatoBaby, GunnerBones, Duffz, Reunomi, Zafkiel, Unigeny, Enixy, Majkomar, HelpegasuS, Spectex, FlaksY, Tob24, Verbet WhiteDwarf Falcon16
31%
Noriega Dorami Fingerdash v3
31%
Feko9 WhiteDwarf Geminorum
31%
Nelluque, MiniWheatDuo, Failed Username, DashinKing111, FiryTheGoat, Audile, TeamLess, ToastLord, Sparky_01, Yankes, SaturnV7, Lemuune, Stilluetto, Canonlaw, pineto, CarlosArt16, Elvii, Glames, Pulsar, Zenith2A, Gotchi, Acrylix, AcaTwo, Paint, Cr3ator ims, Matteddy, Kirlian, Voltex, AZuLer4, teraxek, Fruitsnack, Gizbro, NecroToxinGaming, NightXStalker, Zoff Gochujang Glacial Torrent
31%
Eclipsed, Eggnog, Vapen, Bianox, JacobRoso, YakobNugget, MaxiKD, SlimJim, Splash, Lqah, WHErwin, Straw, Uneskladovae, ZBM, Spadekilla, Logic LSoftphila GridLocked
31%
RoiMousti (Song : Spaze - Underworld) Kainite Grill Kill
31%
GD Iris, Skrypto, Yoonsrdynamix Sowun Hateful Reflection
31%
KrmaL, AncientAnubis, AirSwipe Dorami Heartbeat
31%
Nico99, HadiGD, Goose, Enzore, NightXStalker, MrLorenzo, SSRav3n Schuld Heat Wave
31%
ML500, Luisluigi, Scorpio, Nusdan, MLBPlayer13, N4th4an, Cosmicsabre, Volen, Speir, StalemateZ, RedAppleFour, Syanovika Dorami Hyperio Technia
31%
ViPriN, Rustam, Manix648, ZenthicAlpha, nasgubb, Etzer, Serponge, Terron, Evasium, Dudex, Vlacc, Panman Handsupz HyperSonic
31%
AlrexX Miro i hate you
31%
Pavlaxan, Andr1x, NyamLock, Artumanka, guleshelt, Crouley, Voltex, Uneskladovae, Filaret, Kritoss, Desumari, Kentik, Kirzok, ImBecKonos, Vampur, Lagnugg, Apollone, Fenrrig, Gorgon, Tolstyh, Buragoz, Flores, Dirinoc, Deron, Fjscope, Konsi, Charmi, Itami, Ishikil, Enixy, Markocr, Creerghost, Orte, TraXit, Ka1ns ysj1005 ikaros
31%
Jenkins GD Dorami Incipient
31%
GMDomy ysj1005 Infinite Circles V2
31%
Sminx LinedriveGD Kinetic Bypass
31%
IIscpl4nstII Xiko lezicuv
31%
Smokes, TheChile, Krugger, TheKris, Vicetrex, Ksegeap, xC4R, Jx2501, Wandy, StarGazer, LolenGames SuperSNSD Light Years
31%
KrmaL, Migueword Xylitol Low Death
31%
GD ParaDoX, Fairfax, Lipz, Elegy, TherealNBsier, Gilangrf, Penttagram, Foxydolly, Rynnemi, WerewolfGD, Or1gins, Sagiri, L4mbads, Zeetoss, Enzore, BlUhOl, SylvenoX, Reunomi, ItzPara, maelstrom Hikari Mandragora
31%
weoweoteo, Hinds ddddr Marathon
31%
DreamEater, DiscJoker, Pennutoh, Zanna83, Nico99, Bianox, Altin, NotSucc, Poccottini, Avakai, ISanEGFW, DryBones ysj1005 Mecha Mayhem
31%
ItsHybrid, Odyssey, ToastedPleb, Zipixbox, EyeOfTheStorm, Surge, ViralDl, Vismuth, PokeChatt, BlasterRobotz, Culuc, Realvet 동팔군 Molten Mercury
31%
IcEDCave, lexy At. moment
31%
f3lixsram, artofrez, Nottus, iSparki, Bransilver, Nexender, Vrymer, MrSpaghetti Rainstorm Monstercat
31%
Endlevel, jdfr03, MrSleepy, ZielGD, Megaman9, Hexhammer, CreatorForce, KrmaL, Cypher, Igno, Zendayo, JonathanGD, Dysfunctional xeonzz Mystic
31%
Metalface221 Dorami N0
31%
Namtar Sungsu Kim NecropoliX
31%
Temp, Escetity, ane, ItsHybrid, Noah, Eots, Zafkiel7, ViralDl, kwms, Lipz, Elegy, Sminx, Masu, HJfod, HelpegasuS, PokeChatt, Yoonsr, Zeptoz, Mzero ddddr New Record
31%
Hinds, Loogiah KeiAs Night Terrors
31%
HHyper Dorami Omorfia
31%
ZephiroX Rainstorm Penombre
31%
Giron, Smokes Dorami Plasma Pulse II
31%
MrBudgie, DFGames, GDNick2, Rinex04, MiniWheatDuo, Moone, GDSkele, XLGamer10, Garbadoo, Turbo868, Sp3, ChazTCC, Coopersuper, DreamTide, Bigthunder556, Synd, Hilo, GeeWillikers, Batle, Ender, Doggo, Avati, Toasted, Nell, CarlosArt16, Amp1ify, blastblock, Ninx, Chosbar, Rei, Silverdynamix, Onii, Undying, Fluffy, Gren, Pollastre, Kyuss, Sorext, Hyperblastz ddddr Prisma
31%
Two Fishes(Gizbro, Cirtrax) ddddr Prismatic Haze
31%
Shocksidian SuperSNSD Pursuit
31%
Riot, Hinds, Sil3nce VoTcHi Quantum Processing
31%
Milos482, Patchimator, RicoMeister, ZWK, Mobi, BlastFurnace, LaysMan, Prisma, Corrox, Craf, ViralDl Sowun Raindance
31%
WOOGI1411 Aeidux Retention
31%
koko43 배추김치 ruber cash 22
31%
Nox SuperSNSD Sadism
31%
Noobas Rainstorm Sakupen Hell
31%
Arb71703, Jenkins GD, Grax, RadiationV2 Dorami Shock Therapy
31%
Platnuu, TeslaX Xylitol Sigma Interface
31%
Bianox, Eclipsed WhiteGreen SINGULARITY
31%
VirtualCrack, Reunomi, Kurokawa, Enzore, rRaddy, TherealNBsier Xiko Skrrah
31%
ZephiroX, iNighti Jeller Solarion
31%
너(Koreaqwer)는 진돗개한테 물려야해 Sowun Sparklic Ocean
31%
DiscJoker, Zanna83, LaxHDz, Poccottini, Corkscrew, Avakai, Nico99 Xiko Spectral Tentation
31%
Soulwinds ddddr Spectrum Split
31%
Jakerz95 67 Sysmique Locked
31%
Pleoslim, MakFeed Sparky Tech Manifestation
31%
DeniPol, NormDanchik 1qawsz Tenth Circle
31%
IIIRyanIII , atheoz, xevenfurious, raptorz, reverier, megaspeed, codly, crispy creepz ScaniaKDT The Flawless
31%
Stormfly, Sohn0924, Ticky, Kugelblitz, Tsukifuto, Zhander, NitroN, S1l3nce venfy The Hell Dignity
31%
Metalface221 Kainite The Secret Box
31%
Andromeda, ZenthicAlpha, UserMatt18, CreepyDash, GuitarHeroStyles, ViPriN, Tygrysek, WOOGI1411, Zobros, Findexi, Crack, Loogiah, MaJackO, Cyclic, Giron HaNavi The Ultimate Phase
31%
Zylenox Dorami Triple Six
31%
WHAT THE F SO MANY CREATORS
BlueTomcat Tunnel
31%
ViPriN, Hinds, Mazl, Megaman9, Hideo, Minesap, Dz3ser, Toxic, Alter Sungsu Kim Ultraviolet
31%
Keyblade, SrGuillester, csx42 Sowun Underground
31%
N R G, MoeMachine, DavJT, MistFix, IZhar, Nikce, DaCe, GranPolli, Sandal, Zelf Magellan Under lavaland
31%
KrmaL, Hexhammer, jdfr03, MrSleepy, TheDevon, Benjamaster7, MegaMan, InversionGd, Mosertron, Pizzafire, Dysfunctional, Uzendayo, Alter Handsupz Valor
31%
Dorami, CastriX Rainstorm Violently X
31%
Noriega, SoulsTRK xeonzz Wander of thought
31%
Galaxxyss, para, StarkytheSalad, arekushi14 ddddr Wild Rose
31%
Rlol wapon77 Wolfstep
31%
f3lixsram, Yakimaru Dorami 8o X
23%
RoiMousti DANGER AAAAAAAAAAAAAAAAAAAA
23%
Angryboy, ZephiroX, Lukas, MUFF1N, HelpegasuS, Mapex, StarkytheSalad, Kllnex, ShawDowBoy, ZkullGD, Unigeny, Sunix, MindCap ddddr Advanced AirStream
23%
Exenity, Squizz, Hinds, Vultra, Rhythmic, Waze, Bassiegames, Findexi, knobbelboy Dorami aftermath
23%
Eggnog, Swithical ysj1005 Alpha Baa X
23%
Yuko, Cydz, Rainar, Arax, kylerocket06, Duke, Zentraa, Orange, Zetalock, nCylix, Gradientxxd, River, Hypno ddddr Anahita
23%
MrSpaghetti, Isane, F5Night, knobbelboy, Verbet, Ross12344, Lujian, Nosi, Rapace, Mezzo, Ji, Gabs, Refruck, ZephiroX, Wolfsmen, Yakimaru, Tartofrez, GiaMMix, Davphla, Amateurre, V3xer, Kena, DarkStyle, Arcania Plusxenon Ancestral Calamity
23%
Tongii Koreaqwer Arcadelocked
23%
Vexion, Cyberic, Ownbit, KrzGuzmanSB, Angryboy niflheim(Koreaqwer) Asmodeus
23%
WOOGI1411, Koreaqwer Sowun Asymmetry
23%
VoidSquad, Wombat, Djoxy, GaidenHertuny, KingTony, Manheadrambo, Mactanow, zhawker, Squared, SpadeKilla17, Kazia, Cyber Orion, Optation, Hexhammer, Straw, Aqwuh, Bermard, Oasiz, FozaeKitty SP ValuE Atmosphere
23%
GDSkele, Lieb, Megantwoo, Pocke, Grax, Kakemancool, Marcel, Manta, rynoxious, Studt, Wless, El3ctro, Firs, Splash, Vampur Sowun Aurorae
23%
Juhou, Xingtik jbmoon Awakening Horus
23%
Splash, Straw, Verbet, Lipz, SirZaiss, Belonzik, Nickalopogas, GDSkele, Voltex, Grenado, SnarkZ, Majkomar, Mactanow ysj1005 Betrayal of Destiny
23%
weoweoteo, xcy7 Koreaqwer Betrayal of Fate
23%
Pennutoh, Berke423 Rainstorm Cadrega City
23%
Asuith, TomsoN Sowun Carcano
23%
Lalter Koreaqwer Catastrophic
23%
Boyofthecones, Gigarex SuperSNSD Clubstep Reborn
23%
Pennutoh Xiko Cosmorush 21
23%
CreeperMILK Aeidux Creeper Force
23%
Bianox, Enlex, Sxap, HelpegasuS, Jenkins GD, Sequex, Arceus4, Voltex, Zero, kDarko, Zipixbox Lumbo CYCLONE
23%
Bianox, Uneskladovae, Desticy, Shocksidian, Ryder, EyeOfTheStorm Temp DARKENED
23%
Miniman2098 ysj1005 Demonic Bass
23%
Dalfa, Laminer, R3XX3R, T4sty, Fiuxis, Riky2610, Tagger, XShadowWizardX, Angryboy, Vexion, Tex02, HelpegasuS, Dublollo, Sirius MinYong Dimensional Breaking
23%
Rustam, Jay, Indiriam, Neilious, Lavender99, Jakii, Poisonous Egg, Laaseer, Superioxx, Lamellae, Wazzuuup, Peng, Shebam, Titoalper, Tenebris, Exiist, Nsmonster, LaserGD, BeClan, Marwec, Justalf, GrenadeofTacos, Khelado, Weso, Lieb, Avenaa, XZ, D3ltex, Cents, Ji, Mazl, S3b1 VerYs3xyGuYs Disaster Dive
23%
Awedsy, CDMusic, Renn241, Luckyy, Optation, matty2003, Viper Arctarus, MindCap ddddr Dualies
23%
CastriX, Mulpan, NeoGamer, Daniel, Extrox, CrazyFusion, Lordelta, Dirmag, Zeithex, Zafkiel Dorami Electrosonic
23%
Pennutoh Supporter Excessive Compliment
23%
Ellisha Sowun Exotic Energy
23%
MaxiKD Sowun Fabricated Thoughts
23%
KrmaL Temp Falling Up
23%
GrenadeofTacos, Awedsy, Hsam, AeverMess, Morphizn, Brighty, G-Force, Terron, Peton, Allison, Lasaga, yuuchouze, c034, SigRp, Cersia, Squared, Theorical, Burgz, Graded, Nezopi, MrSpaghetti, zmx, unnn, Arca, Pennutoh, Rulls, Hubbubble, Maxfs, Isane, Fitatfi, Sillow, artos, Zylsia, Carminius Miro Freedom19
23%
UserMatt18 Dorami Frizzantino Vibes
23%
Eggnog, Demonic Platypus Jeller Furious Flames
23%
PlebKingdom, Manix648, Platnuu, xcy7, Jo2000, Coliwog, Loogiah, Surv, Bianox, Elanox, Terron, Edicts, Xaro, Noriega, LazerBlitz, LuichoX, KingTony, Lieb, Fred Nisha Fusion Z
23%
KeiAs Koreaqwer Future Circles
23%
TeamSmokeWeed, Koreaqwer, Tutti, Pjes, Vortiz, Hades, Gigas, AT HG, Theta, DarkBoshy, Dorami HaNavi Galatic Fragility
23%
Bianox Grey749 Galaxy Breaker
23%
stardust1971, ViPriN, GDSpeed, Asonicmen, Darwin, Shocksidian, Drakaglin, KingTony, Tundra, Orion, Andro3d, Giron Nisha Gammaray
23%
CFteamgd, Sparkle, Stroiter, Sammaxx, Sparksomega, Zaiss, Subverse, Dyron, Gwbocajuniors, ElastoGD, ZenThriX24 Sowun Grimoire Heart
23%
Stormfly, S1l3nce, saRy ysj1005 Hate War
23%
Azuvy - IMAPHONE
23%
Manix648, GgB0y, Bianox Rainstorm Infernal Abyss
23%
Plexidit, Mactanow, RpgRaketti, Yendis, Doodloo, CheeseSlayer, TheGamerPiggy, Geocrafterz, cTRL, Arclight, Aqueous, TheRealIgno, omegaGMD, Albertalberto, Hunter5202, Erm4ck ddddr Instant Execution
23%
Dorami Rainstorm KillerZone
23%
Andromeda, Optagonus Koreaqwer Lunatic Doom Machine
23%
Moffer, TypicalGMD, Rifky12, Billzer, Doradog, JustJohn, Saygrowt, SpiceBerry, Zeniux, Belastet, TotoTie, Lejand, AliixGD, Joenuh, HopsForLife, XZ ddddr NeRUaL
23%
TheRealXFuture LinedriveGD OneAttempt
23%
KobaZz, Tandrii, Technet, GMTSean, Jobet, Nitro451, iBlade, Palery, Smokes, Jo2000, DreamEater, Tygrysek, Iqrar99, Skitten, Kubs0n, Andromeda, Caernarvon725, Razur, WOOGI1411, Riqirez Seturan Phobos
23%
Patchimator, blazer2, Ezel142, Ylliee, MichciachGD, Texic, Supris, RicoMeister, ZWK, Lazyer, ViralDl Kainite Polish Alphabet
23%
Pennutoh, Andromeda Nisha Poltergeist Reborn
23%
ewop, Zerosr, zeostar, boop, VARSE, jenkins, para, lucas, quid, Deadlox, Scrumpy, cdpre LinedriveGD PROTOFLICKER
23%
WHErwin Kati4z Removed Submission
23%
Giron, Licentious zPlasmaLust Sky tech
23%
DrakeGhast GD TIME Temple of Destiny
23%
Havok, Arb, Eggnog, recillia, WormFodder, GunnerBones, Mixer, Skulzi, TGI, Endlevel Kainite The Hell Bird
23%
JonathanGD Dorami The Lost Existence
23%
xKstrol, CrazyFusion, DroB3, CreatorLings, ItzAgustiny, Oskreix Fuyu Torrential Storm
23%
PlebKingdom, Zerex, Manix648, Terron, Platnuu, Bianox, KingTony, Coliwog, Fred, Subw00fer, Lieb Dorami UltraSans
23%
Blad3M Kainite Uprise
23%
CFteamgd, CreatorExtract, She3rlucks, Waffl3x, Vesimelon, Laph7, Captain, ZenThriX24 jbmoon VendetTa
23%
pasiblitz Koreaqwer X Adventure
23%
Pennutoh Koreaqwer Bausha Vortex
15%
Manix648, Panman, LazerBlitz Kainite Blade of Justice
15%
MindCap, TH04, Majkomar, nwolc, HelpegasuS, YakobNugget, Ji, lolwut, TehTactiq, Hadeon Kainite Breakout Redux
15%
Asriel96, KrmaL, Rustam, nasgubb, AbstractDark, GDSpeed, Lumpy, TheDevon, Shocksidian, Twoots, Doodloo, Viceroy, Cinereal, Willflame, Fimatic, JustJoking, Musikbike, Cheeseguy, Skybound, Sooop, QJrocks, MisterM Handsupz Cosmic Calamity
15%
Hinds HaNavi Cyber Chaos
15%
RelayX, Hero, Scratch, Dozean, Wintter, Astyx, ClockBite, Luxi, MIRugene, Bubl9sh, Darova, Blayck, Nerfis, SinDuKate, SiesTer, PiramidkaITZ, NormDanchik, Kse, Non, Staps, Hoku, Keketoy, Dolnerz, ItzSeen, Vinty, Siwez, Sssamel, DeniPol Magellan Destruction of God
15%
Metalface221, Duffz, ShowtimeVonParty, Temp, Xinpa, Majkomar, Kllnex, Surge, FlaksY, Enixy, Paristo, Unigeny Sowun Doop
15%
Pennutoh Schuld Final Epilogue
15%
ItsHybrid, El3ctr0, Avati, ViralDl, Realvet, SyQual, Connected, Temp Xylitol Hyper Paradox
15%
Roadbose SuperSNSD ICE Carbon Diablo X
15%
Rabb2t, Swirl, Luenth, WOOGI1411, Xnail, dhk2725, CrePusCule CrePusCule Kurumi City
15%
HelpegasuS Sowun NecroDynamix
15%
Klonex ysj1005 Novasphere
15%
Mazl, Manix648, GDSpeed, LazerBlitz, Asonicmen, Rob Buck, IAres, Sunnet, Tundra, Orion, Chipzz, haoN, Skipnotz, Willy, Fabman DelTell Photovoltaic
15%
Awzer, Nyrael ysj1005 Rewind
15%
Metalface221, Shocksidian, noice, Aquatias, KaotikJumper, Kugelblitz, Zhander, Blaireswip WhiteDwarf Silentium Gradas
15%
Aquatias, knobbelboy, Rustam, Hinds, Dudex, Vlacc, Darwin, JacobRoso, Zak, Snowbally, Speed SuperSNSD Subterranean Animism
15%
Lemons Dorami Superstrike
15%
Metalface221, YakobNugget, MindCap, Endlevel Temp Volume
15%
LazerBlitz Handsupz Quest for Perfection
8%
ItsHybrid, Yoshikawa, ViralDl, Isane, vit12, Buragoz, Unigeny, GH Iris, Vismuth, Lime, Killa, Yoonsr, Voltex, BlasterRobotz, Kllnex, Morin, HJfod Rainstorm Sinister Incision
8%
Olikros, Pawlogates, Ozix, JustBasic, Theeb, Musik, Kapianol, Asterion, Swietymiki, Tarmanin, lzyda, RealDelector, Ziminor, Chlebojad, Vodyanoy Dzeser, Ternamit Sowun Abandoned Kingdom
0%
CronosMx Sowun New Supersonic
0%
No matching quizzes found
Score Distribution
Percent of People with Each Score
Percentile by Number Answered
Your Score History
You have not taken this quiz